Music Quiz

Random Music or Song Quiz

Name that funk song (Clips!) Quiz Stats

 Plays Quiz not verified by Sporcle

Challenge
Share
Tweet
Score 0/29 Timer 10:00
0 Plays Today
Time Song % Correct
2:53-3:03Play That Funky Music (White Boy)
88.8%
1:11-1:21Super Freak
88.1%
0:40-0:50Superstition
87.3%
1:32-1:42September
80.6%
1:22-1:32Brick House
79.1%
0:51-1:01Low Rider
75.4%
1:52-2:02Jungle Boogie
74.6%
3:03-3:13I Got You (I Feel Good)
70.9%
4:48-5:00When Doves Cry
66.4%
4:36-4:47Car Wash
64.9%
2:43-2:53Love Rollercoaster
60.4%
2:33-2:43Get Down Tonight
59%
0:10-0:20Express Yourself
57.5%
0:30-0:40Superfly
56.7%
4:15-4:25Mr. Big Stuff
56%
Time Song % Correct
0:20-0:30It's Your Thing
54.5%
1:42-1:52Atomic Dog
53%
3:24-3:34Tell Me Something Good
49.3%
3:45-3:55Flash Light
47.8%
0:00-0:10One Nation Under a Groove
44%
3:55-4:05I'll Take You There
44%
3:34-3:44Boogie Oogie Oogie
38.8%
2:13-2:23Got to Give it Up
32.8%
1:01-1:11Stand!
28.4%
2:23-2:33Rock Steady
23.9%
3:14-3:24Stomp!
23.1%
2:02-2:12Think (About It)
15.7%
4:26-4:36Nutbush City Limits
14.9%
4:05-4:15The Magnificent Seven
9.7%

You're not logged in!

Compare scores with friends on all Sporcle quizzes.
Join for Free
OR
Log In

You Might Also Like...

Show Comments

Extras

Top Quizzes Today


Score Distribution

Your Account Isn't Verified!

In order to create a playlist on Sporcle, you need to verify the email address you used during registration. Go to your Sporcle Settings to finish the process.

Report this User

Report this user for behavior that violates our Community Guidelines.

Details: